LABİRENT (Record no. 715891)
[ view plain ]
| 000 -LEADER | |
|---|---|
| sabit uzunluktaki kontrol alanı | 00233nam a2200097Ia 4500 |
| 001 - KONTROL NUMARASI | |
| kontrol alanı | 715891 |
| 005 - EN SON İŞLEMİN TARİH VE ZAMANI | |
| kontrol alanı | 20250826162934.0 |
| 008 - SABİT-UZUNLUKTA VERİ ÖĞELERİ--GENEL BİLGİ | |
| sabit uzunluktaki kontrol alanı | 250824s9999 xx 000 0 und d |
| 245 #0 - ESER / YAZAR | |
| ESER ADI | LABİRENT |
| Yazar Adı | ALEXANDRA MONIR |
| 260 ## - YAYIN, DAĞITIM, VB. | |
| YAYIN EVİ | ALTIN YAYINLARI |
| Düşüm durumu | Kayıp durumu | Hasar Durumu | Ödünç verilmez | Ana kütüphane | Geçerli Kütüphane | Edinilen tarih | Toplam ödünç verme sayısı | Barkod | Son görüntüleme tarihi | Fiyatın geçerli olmaya başladığı tarih | Koha materyal türü | Sınıflandırma Kaynağı veya raf şeması | Tam yer numarası | Son ödünç verme tarihi |
|---|---|---|---|---|---|---|---|---|---|---|---|---|---|---|
| MUSTAFA BÜYÜKKAPLAN HAFIZ İMAM HATİP ORTAOKULU (KIZ) | MUSTAFA BÜYÜKKAPLAN HAFIZ İMAM HATİP ORTAOKULU (KIZ) | 31.12.2025 | 1 | 10395031 | 05.01.2026 | 31.12.2025 | Books | Dewey Ondalık Sınıflama | G1 | 31.12.2025 | ||||
| OSMAN NURİ HEKİMOĞLU ANADOLU LİSESİ | OSMAN NURİ HEKİMOĞLU ANADOLU LİSESİ | 24.08.2025 | 10331972 | 26.08.2025 | 26.08.2025 | Books |